Представление документа в формате MARC21

Поле Инд. ПП Название Значение
Тип записи a
Библиографический уровень c
001 Контрольный номер b6fa206e62cf48d1aeacfaeeccea994f
005 Дата корректировки 20240311112354.8
040 b Код языка каталог. rus
e Правила каталог. PSBO
041 0_ a Код языка текста rus
097 b Оператор *Ольга*
245 10 a Заглавие Рабочая программа дисциплина части, формируемой участниками образовательных отношений Блока 1 «Дисциплины (модули)» «Управление качеством». Направление подготовки бакалавров – 38.03.02 Менеджмент. Направленность (профиль): Экономика и управление. Форма обучения – очная и очно-заочная
b Продолж. заглавия в составе учебно-методического комплекса
c Ответственность Кафедра "Менеджмент"
c Ответственность разработчик С.Ю. Осипов
260 a Место издания Тверь
b Издательство ТвГТУ
c Дата издания 2021
440 _0 a Серия УМК-РП
500 a Примечание 15/2017
516 8_ a Прим. о типе комп. файла/ данных Текст : электронный
535 1_ a Хранилище сайт ТвГТУ
655 a Жанр/ форма (устаревшее) М
773 18 w Контрольный № источника 117609
856 40 u URL https://new.tstu.tver.ru/documents/4xk81fs56a.pdf?v=2
901 t Тип документа y
905 b Дата создания записи обработка 11.03.24
922 c Кафедра Менеджмент
951 i EL-ТГТУ? Да
d EL-Информация? Рабочая программа обновлена
952 d Цикл дисциплин 1
g 1
a Тип литературы для КСУ ВШ П